MCU Heroes - Statistics

General Stats
  • This quiz has been taken 193 times
    181 since last reset
  • The average score is 56 of 119
Answer Stats
Phase Debut Superhero % Correct
Phase One Iron Man
100%
Thor
98%
Hulk
97%
Captain America
96%
Black Widow
95%
Hawkeye
90%
Loki
89%
Spider-Man
88%
Phase Two Winter Soldier
87%
War Machine
86%
Star-Lord
84%
Gamora
83%
Rocket Raccoon
83%
Groot
82%
Nick Fury
82%
Drax
81%
The Falcon
81%
Phase Three Black Panther
79%
Ant-Man
78%
The Wasp
76%
Doctor Strange
75%
Scarlet Witch
75%
Vision
74%
Captain Marvel
70%
Nebula
70%
Mantis
67%
Quicksilver
66%
Deadpool
64%
Wolverine
63%
Shuri
61%
Daredevil
60%
She-Hulk
59%
Peggy Carter
58%
Shang-Chi
58%
Wong
58%
Valkyrie
57%
Ms. Marvel
56%
Maria Hill
55%
Phil Coulson
55%
Invisible Woman
54%
Phase Four Red Guardian
54%
The Thing
54%
Moon Knight
53%
Human Torch
49%
America Chavez
48%
Korg
46%
Okoye
46%
Elektra
45%
M'Baku
45%
The Ancient One
45%
Yelena Belova
45%
Blade
44%
Iron Fist
44%
Ironheart
43%
Phase 6 Mister Fantastic
43%
Sharon Carter
43%
Taskmaster
43%
The Punisher
43%
Ikaris
42%
Jessica Jones
42%
Gambit
40%
Lady Sif
40%
Luke Cage
40%
Professor X
39%
Adam Warlock
38%
Kate Bishop
38%
Nakia
38%
Mighty Thor
37%
Sersi
37%
Miek
36%
Namor
36%
Volstagg
36%
Ajak
35%
Dum Dum Dugan
35%
Echo
35%
Fandral
35%
Makkari
35%
Sprite
35%
Thena
35%
Gilgamesh
34%
Hogun
34%
Katy
34%
Kingo
34%
Speed
34%
Black Bolt
33%
Phastos
33%
Photon
33%
Sentry
33%
Druig
32%
U.S. Agent
32%
Wiccan
32%
X-23
32%
Yondu Udonta
31%
Kraglin
30%
Colossus
29%
Ned Leeds
29%
The Black Knight
29%
Xu Xialing
29%
Negasonic Teenage Warhead
26%
Clea
25%
Wonder Man
25%
Beast
23%
Hercules
22%
Melina Vostokoff
21%
Scarlet Scarab
21%
Starfox
20%
Gabe Jones
19%
HulkKing
19%
Jacques Dernier
18%
James Montgomery Falsworth
18%
Mobius M. Mobius
18%
Battle Star
17%
Jim Morta
17%
Yukio
17%
Phase Five Stature
15%
Cosmo the Dog
14%
Phyla
14%
Shatterstar
13%
Sylvie Leufsdottir
1%
No matching quizzes found
Score Distribution
Percent of People with Each Score
Percentile by Number Answered
Your Score History
You have not taken this quiz since the last reset